00681nam a2200217 a 450000100100000000500170001000800410002702000150006804000250008308200170010810000390012524500480016426000290021230000210024149000100026265000330027283000170030504900090032295201150033199900170044600002315420200930022025.0101129s2005 sp 000 0 spa d a8493170739 aDO-SdBNPbspacBNPHU a398.9bP338f1 aPavía Molina, Carlos Luis92304010aFilosofía para una vida más sensible /. aMadrid :b[s.n.],c2005. a149 p. ;c21 cm.1 aBoxer 4aProverbios y refranes918988 0aBoxer947672 aBNGR 001050718MOaGRbGRcCTd2010-11-29iLF1l0o398.9 P338fp23154-10r2020-06-25w2020-06-25y1ZNo se presta c22651d22651